Stejnosměrné servopohony typu P2 SR

Bibliographic Details
Main Author: (zš) (Author)
Format: Article
Language:Czech

MARC

LEADER 00000nab a2200000uu 4500
001 vtls011448304
003 SK-MaSNL
005 20260303151339.0
008 230222|1976 xo |||||||||||||||||cze|
015 |a SNBRB 
035 |a (urnnbn)urn:nbn:sk:snk:ar-005eo5 
035 |a (uuid)51418981-3fe1-4e56-abd2-aa830f53db25 
035 |a urn:nbn:sk:snk-abckzb 
040 |a SNKBUCL  |b slo  |c SNKBUCL  |e AACR2 
041 0 |a cze 
044 |a xo  |c SK 
100 1 |a (zš)  |4 aut  |9 5351 
245 1 0 |a Stejnosměrné servopohony typu P2 SR  |c (Zš{Rpara} 
773 0 |t Technická práca : časopis Ústřední rady Čs. vědecko-technické společnosti  |g Roč. 28, č. 4 (1976), s. 52-53 
958 |a OND 
958 |a EUIPO 
958 |a article16 
999 |c 2017199  |d 2019129